Osobný bankrot podnikateľa

Bankrot podnikateľa na Slovensku a v zahraničí. Úpadok fyzickej osoby. Návrh na vyhlásenie konkurzu. Vyhlásenie konkurzu na majetok fyzickej osoby. Osobný bankrot, splátkový kalendár.

Saved in:
Bibliographic Details
Main Author: Želinská, Lenka
Other Authors: Klimek, Miroslav
Format: Book Chapter
Language:Slovak
Subjects:
Tags: Add Tag
No Tags, Be the first to tag this record!

MARC

LEADER 00000nla a2200000 4500
001 0240549
005 20240502073919.0
041 0 |a slo 
044 |a SK 
245 1 0 |a Osobný bankrot podnikateľa  |c Lenka Želinská, Miroslav Klimek 
520 |a Bankrot podnikateľa na Slovensku a v zahraničí. Úpadok fyzickej osoby. Návrh na vyhlásenie konkurzu. Vyhlásenie konkurzu na majetok fyzickej osoby. Osobný bankrot, splátkový kalendár. 
610 2 0 |a podnikatelia 
610 2 0 |a osoby fyzické 
610 2 0 |a bankrot 
610 2 0 |a dlžníci 
610 2 0 |a veritelia 
610 2 0 |a konkurzy 
610 2 0 |a oddlženie 
100 1 |a Želinská, Lenka 
700 1 |a Klimek, Miroslav